[Event "AUT-ch U14"]
[Site "Tschagguns"]
[Date "2012.05.26"]
[Round "1"]
[White "Jakob, Tobias"]
[Black "Yilmaz, Utku"]
[Result "1-0"]
[WhiteElo "1695"]
[BlackElo "1411"]
[PlyCount "113"]
[EventDate "2012.05.26"]
[EventType "swiss"]
[EventRounds "7"]
[EventCountry "AUT"]
[SourceTitle "CBM 148 Extra"]
[Source "ChessBase"]
[SourceDate "2012.06.22"]
[SourceVersion "1"]
[SourceVersionDate "2012.06.22"]
[SourceQuality "1"]

1. e4 c5 2. Nf3 Nc6 3. Bb5 e6 4. Bxc6 bxc6 5. 0-0 Ne7 6. Re1 d5 7. d3 Qc7 8. Be3 d4 9. Bc1 Ng6 10. b3 e5 11. Nbd2 Ba6 12. a4 Be7 13. Ba3 0-0 14. Rc1 Rfc8 15. g3 Rab8 16. Qe2 h6 17. c3 Rb6 18. Rc2 Nf8 19. Rec1 Ne6 20. cxd4 Nxd4 21. Nxd4 cxd4 22. Bxe7 Qxe7 23. Rc5 Bb7 24. Qd1 Rb4 25. R1c2 Qd6 26. Qc1 f6 27. R2c4 Rb6 28. b4 a6 29. Nb3 Kh7 30. Na5 Ba8 31. b5 axb5 32. axb5 Bb7 33. Nxb7 Rxb7 34. Rxc6 Rxc6 35. bxc6 Rc7 36. Rc5 Kg6 37. Qc4 Qd8 38. Qd5 Qc8 39. Kh1 Qa6 40. Qd6 Rc8 41. Qd7 Qxd3 42. Qf5+ Kf7 43. Kg2 Qa6 44. Qd7+ Kg6 45. Qb7 Qxb7 46. cxb7 Rb8 47. Rc7 f5 48. f3 fxe4 49. fxe4 Kf6 50. Kf3 g6 51. Ke2 Kg5 52. h3 h5 53. h4+ Kg4 54. Kf2 g5 55. Rg7 d3 56. Kg2 d2 57. Rxg5# 1-0